[Event "Zanosh 2 IM"]
[Site "Zanosh 2 IM"]
[Date "2013.10.27"]
[Round "8.4"]
[White "Cengija, Vanja"]
[Black "Zlatanovic, Boroljub"]
[Result "1-0"]
[WhiteElo "2236"]
[BlackElo "2405"]
[PlyCount "189"]
[EventDate "2013.10.21"]

1. d4 g6 2. c4 Bg7 3. Nf3 d6 4. Nc3 e5 5. e3 Nc6 6. Be2 Nh6 7. O-O O-O 8. dxe5
Nxe5 9. Qb3 c6 10. Rd1 Qe7 11. Ne4 Rd8 12. Bd2 Bf5 13. Ng3 Nxf3+ 14. Bxf3 Bg4
15. Bxg4 Nxg4 16. Bc3 Qh4 17. h3 Nxe3 18. Re1 Bxc3 19. Qxc3 Nf5 20. Nxf5 gxf5
21. Re3 f4 22. g3 Qg5 23. Re4 Re8 24. Rxf4 Qe5 25. Qd2 Re6 26. Rg4+ Kh8 27. Rd1
Rd8 28. b3 a6 29. Rg5 Qf6 30. Qa5 b6 31. Qd2 b5 32. Rg4 bxc4 33. Rxc4 d5 34.
Rf4 Qe7 35. Qa5 Ra8 36. Rd3 Kg8 37. Rdf3 f6 38. Qc3 Kg7 39. Qd3 a5 40. Rh4 Kg8
41. Qf5 Rf8 42. Kg2 Re5 43. Qc2 c5 44. Qd2 Ra8 45. Qh6 Rf8 46. Rhf4 Re6 47. g4
Qg7 48. Qh5 Rd8 49. Qf5 Rdd6 50. Qd3 Qd7 51. Rf5 Qc6 52. g5 c4 53. Qd4 Re4 54.
Qa7 Qd7 55. Qc5 Re5 56. Rxe5 fxe5 57. bxc4 d4 58. Qxe5 d3 59. Qf4 Qd8 60. Qf7+
Kh8 61. c5 Rd5 62. Qf6+ Qxf6 63. gxf6 Kg8 64. c6 d2 65. c7 Rc5 66. Rd3 Rxc7 67.
Rxd2 Kf7 68. Rd5 a4 69. Rd4 a3 70. Rd3 Ra7 71. Rd6 Rc7 72. Rd3 Ra7 73. Rf3 Ra6
74. Kg3 Ra4 75. h4 Ra6 76. Kg4 Ra5 77. Rf5 Ra8 78. Kh5 Ra4 79. Kg5 h6+ 80. Kh5
Rc4 81. Rf3 Rc2 82. Rxa3 Rxf2 83. Ra6 Rf4 84. a4 Rc4 85. a5 Rd4 86. Kxh6 Rxh4+
87. Kg5 Rh1 88. Ra7+ Kf8 89. Kf5 Re1 90. a6 Re2 91. Rh7 Ra2 92. a7 Ra1 93. Rb7
Kg8 94. Ke6 Ra6+ 95. Kd7 1-0

[Event "Zanosh 2 IM"]
[Site "Zanosh 2 IM"]
[Date "2013.10.27"]
[Round "9.2"]
[White "Zlatanovic, Boroljub"]
[Black "Drazic, Sinisa"]
[Result "1/2-1/2"]
[WhiteElo "2405"]
[BlackElo "2472"]
[PlyCount "23"]
[EventDate "2013.10.21"]

1. c4 d6 2. g3 Nc6 3. Bg2 Nf6 4. Nc3 g6 5. Nf3 Bg7 6. O-O O-O 7. d3 a6 8. Rb1
Rb8 9. b4 b5 10. cxb5 axb5 11. Bd2 Bd7 12. Qc1 1/2-1/2

[Event "Zanosh 2 IM"]
[Site "Zanosh 2 IM"]
[Date "2013.10.27"]
[Round "9.3"]
[White "Abolianin, Arthur"]
[Black "Cengija, Vanja"]
[Result "1/2-1/2"]
[WhiteElo "2367"]
[BlackElo "2236"]
[PlyCount "115"]
[EventDate "2013.10.21"]

1. d4 d5 2. c4 dxc4 3. Nf3 a6 4. e3 Nf6 5. Bxc4 e6 6. O-O b5 7. Bb3 Bb7 8. Nc3
Nbd7 9. Qe2 c5 10. Rd1 Qc7 11. d5 exd5 12. Nxd5 Nxd5 13. Bxd5 Bxd5 14. Rxd5 Be7
15. e4 O-O 16. Bf4 Qxf4 17. Rxd7 Rfe8 18. a4 Bf6 19. axb5 axb5 20. Re1 g6 21.
Rb7 b4 22. g3 Qd6 23. Qc4 Re6 24. Kg2 Qc6 25. Rb5 Rc8 26. b3 h6 27. Re2 Bc3 28.
h3 Rf6 29. Nh2 h5 30. Nf3 Qe6 31. Qxe6 Rxe6 32. Ng5 Re7 33. f4 f6 34. Nf3 Rce8
35. Nh4 c4 36. bxc4 Rxe4 37. Rxe4 Rxe4 38. Nxg6 Kf7 39. f5 Rxc4 40. Rb7+ Ke8
41. Kf3 Kd8 42. Ke2 Rc5 43. Kd3 Kc8 44. Ra7 b3 45. Ra3 b2 46. Rb3 Kc7 47. g4
hxg4 48. hxg4 Kd6 49. Rb6+ Rc6 50. Rb5 Rc8 51. Rb3 Rc7 52. Rb5 Rc5 53. Rb6+ Kc7
54. Rb3 Kc6 55. Ne7+ Kd6 56. Ng6 Rc6 57. Rb7 Rc5 58. Rb6+ 1/2-1/2

[Event "Zanosh 2 IM"]
[Site "Zanosh 2 IM"]
[Date "2013.10.27"]
[Round "9.4"]
[White "Lukajic, Bojan"]
[Black "Rudakov, Aleksandr"]
[Result "1/2-1/2"]
[WhiteElo "2167"]
[BlackElo "2262"]
[PlyCount "20"]
[EventDate "2013.10.21"]

1. e4 e6 2. d4 d5 3. e5 c5 4. c3 Qb6 5. Nf3 Nc6 6. Bd3 cxd4 7. cxd4 Bd7 8. O-O
Nxd4 9. Nxd4 Qxd4 10. Nc3 a6 1/2-1/2

[Event "Zanosh 2 IM"]
[Site "Zanosh 2 IM"]
[Date "2013.10.27"]
[Round "9.5"]
[White "Kayar, Mehmet Erdem"]
[Black "Petkovic, Radosav"]
[Result "0-1"]
[WhiteElo "2003"]
[BlackElo "2260"]
[PlyCount "54"]
[EventDate "2013.10.21"]

1. e4 e5 2. f4 exf4 3. Nf3 g5 4. h4 g4 5. Ne5 Nf6 6. Bc4 d5 7. exd5 Bd6 8. d4
Nh5 9. Nc3 O-O 10. O-O Qxh4 11. Bxf4 g3 12. Bxg3 Nxg3 13. Rf3 Nf5 14. Rh3 Qxd4+
15. Qxd4 Nxd4 16. Rh5 Bf5 17. Ng4 Bxg4 18. Rg5+ Kh8 19. Rxg4 Nxc2 20. Bd3 Nxa1
21. Bf5 Rg8 22. Rh4 h6 23. Rxh6+ Kg7 24. Rh7+ Kf6 25. g4 Na6 26. Ne4+ Ke5 27.
Rxf7 Raf8 0-1